Deutsche Sprachlehre für Ausländer : Grundstufe /

Đã lưu trong:
Chi tiết về thư mục
Tác giả chính: Griesbach, Heinz (autor)
Tác giả khác: Schulz, Dora (autor) (autor)
Định dạng: Sách
Ngôn ngữ:German
Được phát hành: Munich, Alemania : Max Hueber, 1967, c1962
Những chủ đề:
Các nhãn: Thêm thẻ
Không có thẻ, Là người đầu tiên thẻ bản ghi này!

MARC

LEADER 00000nam^a2200000^a^4500
001 000321255
005 20250521000000.0
009 20260310113537.149
020 |a 3-19-25-1004-8 
037 |a Acervo ITESO - Biblioteca 
041 |a ALE 
082 |a 435.  |b DEU V. 2 
100 |a Griesbach, Heinz  |e (autor) 
240 1 1 |a [Deutsche Sprachlehre für Ausländer, de Schulz-Griesbach] 
245 1 0 |a Deutsche Sprachlehre für Ausländer :  |b Grundstufe /  |c H. Griesbach, D. Schulz. 
264 4 |a Munich, Alemania :  |b Max Hueber,  |c 1967, c1962 
300 |a XX, 188 p. 
336 |a texto  |b txt  |2 rdacontenido 
337 |a sin mediación  |b n  |2 rdamedio 
338 |a volumen  |b nc  |2 rdasoporte 
649 |a XX 
650 |a Gramática -  |x Tema Principal 
650 |a Alemán como Lengua Extranjera -  |x Estudio y Enseñanza -  |x Tema Principal 
650 |a Lenguas Extranjeras -  |x Estudio y Enseñanza 
650 |a Lenguas Germánicas -  |x Estudio y Enseñanza 
650 |a Lenguas Indo-Europeas -  |x Estudio y Enseñanza 
650 |a Lingüística 
700 |a Schulz, Dora  |e (autor) 
910 |a Fondo General 
920 |a Impresos - Libros 
930 |a Colección General 
905 |a 101 
901 |a 0500208310  |b IT1  |c ACC  |i D57597  |u 20250521 
902 |a https://opac.biblio.iteso.mx/vufind/Record/000321255